Ekonomista czasopismo poswiecone nauce i potrzebom zycia

Guardado en:
Detalles Bibliográficos
Formato: Seriadas
Lenguaje:polaco
Publicado: Warszawa Wyd. ekon.
Etiquetas: Agregar Etiqueta
Sin Etiquetas, Sea el primero en etiquetar este registro!

MARC

LEADER 00000nas1a22000001 4500
001 s121066
005 20070821100223.5
041 0 |a pol 
044 |a PL 
245 1 0 |a Ekonomista  |b czasopismo poswiecone nauce i potrzebom zycia 
264 1 |a Warszawa  |b Wyd. ekon.